Statistics for 20 Safest Countries on the World Map

Click here to take the quiz!

General Stats

  • This quiz has been taken 417 times
  • The average score is 13 of 21

Answers on the Map

Answers color-coded by a green-red scale on the quiz's map according to % correct below.
 

Answer Stats

scoreCountries of Small Riskhint% Correct
121.4SwedenN
95%
81.1DenmarkN
94%
20.6FinlandN
94%
61.0IcelandN
94%
40.7NorwayN
94%
91.2SwitzerlandN
83%
101.3IrelandN
82%
121.4NetherlandsN
80%
20.6LuxembourgN
72%
61,0EstoniaN
70%
10.4SingaporeE
67%
50.9LiechtensteinN
60%
201.5South KoreaE
60%
121.4LithuaniaN
58%
121.4Czech RepublicN
56%
121.4SloveniaN
51%
201.5UruguayW
31%
201.5BarbadosW
22%
121.4GrenadaW
21%
201.5Saint Kitts and NevisW
19%
101.3Sao Tome and PrincipeS
13%

Score Distribution

Percentile by Number Answered

Percent of People with Each Score

Your Score History

You have not taken this quiz